Statistics for Central America Global Cities

Click here to take the quiz!

General Stats

  • This quiz has been taken 32 times
  • The average score is 7 of 7

Answer Stats

HintAnswer% Correct
GammaManagua
100%
BetaPanama City
100%
Beta-San Jose
100%
GammaTegucigalpa
100%
Beta-Guatemala City
97%
Beta-San Salvador
97%
SufficiencySan Pedro Sula
73%

Score Distribution

Percentile by Number Answered

Percent of People with Each Score

Your Score History

You have not taken this quiz